• 首页
  • 本馆介绍
  • 公告通知
  • 最新文献
  • 馆藏检索
  • 电子资源
  • 读者导购
  • 参考咨询
  • 我的图书馆
  • 登录
  • 详细信息显示
  • 放入我的书架
  • 预约/预借图书
  • 作者相关作品
  • 分类相关作品
  • 丛书相关作品
  • 出版社相关作品

书目信息

  • 表格格式
  • 工作单格式
  • 卡片格式
题名:
食品工艺学
    
 
作者: 汪志君 , 韩永斌 , 姚晓玲 主编
分册:  
出版信息: 北京   中国质检出版社  2012
页数: 420页
开本: 26cm
丛书名:
单 册:
中图分类: TS201.1
科图分类:
主题词: 食品工艺学--高等教育--教材 , 食品工艺学
电子资源:
ISBN: 978-7-5026-3682-1
000 00950nam0 2200265 450
001 3422
005 20160926090650.65
010    @a978-7-5026-3682-1@b平装@dCNY56.00
100    @a20121218d2012 em y0chiy50 ea
101 0  @achi
102    @aCN@b110000
105    @ay z 000yy
200 1  @a食品工艺学@b专著@f汪志君,韩永斌,姚晓玲主编@9shi pin gong yi xue
210    @a北京@c中国质检出版社@c中国标准出版社@d2012
215    @a420页@d26cm
300    @a“十二五”普通高等教育规划教材
330    @a本书介绍了食品的成分、食品加工保藏原理、畜产食品加工工艺、水产食品加工工艺、农产食品加工工艺、园产食品加工工艺、调味品加工工艺等内容。
606 0  @a食品工艺学@x高等教育@j教材
606 0  @a食品工艺学
690    @aTS201.1@v5
701  0 @a汪志君@f(1949~)@4主编@9wang zhi jun
701  0 @a韩永斌@4主编@9han yong bin
701  0 @a姚晓玲@c(营养学)@4主编@9yao xiao ling
801  0 @aCN@b唐山师范学院图书馆@c20151001
905    @aZUCC@dTS201.1@e213
    
    食品工艺学/汪志君,韩永斌,姚晓玲主编.-北京:中国质检出版社:中国标准出版社,2012
    420页;26cm
    “十二五”普通高等教育规划教材
    
    ISBN 978-7-5026-3682-1(平装):CNY56.00
    本书介绍了食品的成分、食品加工保藏原理、畜产食品加工工艺、水产食品加工工艺、农产食品加工工艺、园产食品加工工艺、调味品加工工艺等内容。
●
相关链接 在E读中查询图书 在五车中查询图书 在当当中查询图书 在豆瓣中查询图书


正题名:食品工艺学     索取号:TS201.1/213         预约/预借

序号 登录号 条形码 馆藏地/架位号 状态 备注
1 905173   209051737   第二样本阅览室/ [索取号:TS201.1/213] 在馆    
2 905174   209051746   第三借阅区/ [索取号:TS201.1/213] 在馆    
3 905175   209051755   密集书库-生命科学系/ [索取号:TS201.1/213] 在馆    
唐山师范学院图书馆 欢迎您!
大连网信软件有限公司© 版权所有